| 000 | 00340nam a2200145Ia 4500 | ||
|---|---|---|---|
| 008 | 230917s9999||||xx |||||||||||||| ||und|| | ||
| 040 |
_e152511 _aMAIN |
||
| 041 | _aEnglish | ||
| 082 | _a294.12 R449W:R | ||
| 100 | _aWilson, H.H. | ||
| 245 | 0 | _aRg-veda samhita | |
| 260 |
_aU.P. _bNag Publication _c1977 |
||
| 300 | _a411p p. | ||
| 942 | _cBK | ||
| 999 |
_c45699 _d45699 |
||